000 01052cam a2200289Ma 4500
999 _c4705
_d4705
001 ocn779411658
003 OCoLC
005 20180111104827.0
008 070219s2006 fr 000 0 eng d
035 _a(OCoLC)779411658
040 _aLND
_beng
_cLND
_dOCLCF
_dOCLCO
_dOCLCQ
043 _ae------
049 _aTZAA
050 _aKJC5186
_b.A41
082 0 4 _a341.48
_222
100 1 _aKorff, Douwe.
245 1 4 _aRight to life : a guide to the implementation of Article 2 of the European Convention on Human Rights
_ba guide to the implementation of Article 2 of the European Convention on Human Rights /
260 _aStrasbourg :
_bCouncil of Europe,
_c2006.
300 _a92 pages ;
_c15 x 21 cm.
490 1 _aHuman rights handbooks ;
_vno. 8
650 0 _aHuman rights
_zEurope.
650 7 _aHuman rights.
_2fast
651 7 _aEurope.
_2fast
830 0 _aHuman rights handbooks ;
_vno. 8.
856 4 1 _uhttp://www.echr.coe.int/library/DIGDOC/DG2/HRHAND/DG2-EN-HRHAND-08(2006).pdf
_zFull text from Council of Europe
942 _2lcc
_cBOOK